Cargando...
Italian influence in English poetry /
| Autor Principal: | |
|---|---|
| Formato: | Printed Book |
| Idioma: | English |
| Publicado: |
London :
George Allen & Unwin Ltd ,
1955.
|
| LEADER | 00517cam a2200157ua 4500 | ||
|---|---|---|---|
| 041 | |a eng | ||
| 082 | |a 828.09 |b SEL/IT | ||
| 100 | |a Sells, A Lytton . | ||
| 245 | |a Italian influence in English poetry / |c A Lytton sells. |h Textual Documents | ||
| 260 | |a London : |b George Allen & Unwin Ltd , |c 1955. | ||
| 300 | |a 346 ; . | ||
| 504 | |||
| 541 | |e 6902 | ||
| 942 | |c BK | ||
| 999 | |c 33300 |d 33300 | ||
| 952 | |0 0 |1 0 |4 0 |6 828_090000000000000 |7 0 |9 43774 |a KAUAET |b KAUAET |d 2012-04-07 |m 0 |o 828.09 |p KAU_KCAET-6902 |r 2012-04-07 |w 2012-04-07 |y BK | ||